Julius Caesar (Record no. 6760)

MARC details
000 -LEADER
fixed length control field 00323nam a2200145Ia 4500
003 - CONTROL NUMBER IDENTIFIER
control field OSt
008 - FIXED-LENGTH DATA ELEMENTS--GENERAL INFORMATION
fixed length control field 191201s2013 xx 000 0 und d
082 ## - DEWEY DECIMAL CLASSIFICATION NUMBER
Classification number 822.33
Item number WHJ
100 ## - MAIN ENTRY--PERSONAL NAME
Personal name WHITEHEAD ,Dan
245 #0 - TITLE STATEMENT
Title Julius Caesar
260 ## - PUBLICATION, DISTRIBUTION, ETC. (IMPRINT)
Name of publisher, distributor, etc Kalyani Navyug
Date of publication, distribution, etc 2013
300 ## - PHYSICAL DESCRIPTION
Extent 105
650 ## - SUBJECT ADDED ENTRY--TOPICAL TERM
Topical term or geographic name as entry element General Books
942 ## - ADDED ENTRY ELEMENTS (KOHA)
Source of classification or shelving scheme Dewey Decimal Classification
Koha item type Text Books
Holdings
Withdrawn status Lost status Source of classification or shelving scheme Damaged status Not for loan Collection code Home library Current library Date acquired Source of acquisition Cost, normal purchase price Bill Number Total Checkouts Full call number Acc. no. / Barcode Date last seen Date last borrowed Actual Cost, discounted price Bill Date Koha item type Public note
    Dewey Decimal Classification     GENERAL PIET C-LIBRARY PIET C-LIBRARY 21/07/2020 Kalyani Nav yug Media Pvt Ltd. 275.00 271 2 822.33 WHJ 30265 27/02/2023 09/02/2023 151.25 31/08/2018 Text Books Stories and Novels
    Dewey Decimal Classification     GENERAL PIET C-LIBRARY PIET C-LIBRARY 21/07/2020 Kalyani Nav yug Media Pvt Ltd. 275.00 271   822.33 WHJ 30266 04/12/2019   151.25 31/08/2018 Text Books Stories and Novels
    Dewey Decimal Classification     GENERAL PIET C-LIBRARY PIET C-LIBRARY 21/07/2020 Kalyani Nav yug Media Pvt Ltd. 275.00 271 3 822.33 WHJ 30267 02/03/2023 09/02/2023 151.25 31/08/2018 Text Books Stories and Novels

Design & Developed by: PIET Central Library
R70 Miles Stone Pattikalyana Samalkha Panipat 132102
mail ID :- [email protected], Phone No:- 0180-2569700 Ex.216